00379 a2200109 4500001001000000005001700010008004100027245009500068100001700163773007200180999001700252ART_1189920260410161901.0260409a 10aSector differentiated capital taxation with imperfect competition and inter-industry flows1 aWillig, R.D.0 tJournal of public economicsg- Vol. 21, NÂș 2 (jul. 1983)wREV11485 c25934d25934